LEADER 02470nam 2200721 a 450 001 9910956348003321 005 20171026195700.0 010 $a9786613244543 010 $a9781283244541 010 $a1283244543 010 $a9780472026760 010 $a0472026763 024 7 $a10.3998/mpub.356801 035 $a(CKB)2550000000046935 035 $a(EBL)3415007 035 $a(OCoLC)923504270 035 $a(SSID)ssj0000563224 035 $a(PQKBManifestationID)11353435 035 $a(PQKBTitleCode)TC0000563224 035 $a(PQKBWorkID)10535676 035 $a(PQKB)10128421 035 $a(OCoLC)792929052 035 $a(MdBmJHUP)muse9871 035 $a(MiU)10.3998/mpub.356801 035 $a(Au-PeEL)EBL3415007 035 $a(CaPaEBR)ebr10496947 035 $a(CaONFJC)MIL324454 035 $a(MiAaPQ)EBC3415007 035 $a(ODN)ODN0000633074 035 $a(EXLCZ)992550000000046935 100 $a20110107d2011 uy 0 101 0 $aeng 135 $aur|n|---||||| 181 $ctxt 182 $cc 183 $acr 200 12$aA legal theory for autonomous artificial agents /$fSamir Chopra and Laurence F. White 205 $a1st ed. 210 1$aAnn Arbor :$cUniversity of Michigan Press,$dc2011. 215 $a1 online resource (263 p.) 300 $aDescription based upon print version of record. 311 08$a0-472-05145-8 311 08$a0-472-07145-9 320 $aIncludes bibliographical references and index. 327 $aArtificial agents and agency -- Artificial agents and contracts -- Attribution of knowledge to artificial agents and their principals -- Tort liability for artificial agents -- Personhood for artificial agents. 330 $aWhat legal status should be granted to artificial agents? 606 $aAgency (Law) 606 $aIntelligent agents (Computer software)$xLaw and legislation 606 $aJuristic persons 615 0$aAgency (Law) 615 0$aIntelligent agents (Computer software)$xLaw and legislation. 615 0$aJuristic persons. 676 $a343.09/9 686 $aLAW000000$aLAW099000$aLAW104000$2bisacsh 700 $aChopra$b Samir$01819149 701 $aWhite$b Laurence F.$f1966-$01819150 712 02$aMichigan Publishing (University of Michigan) 801 0$bMiU 801 1$bMiU 906 $aBOOK 912 $a9910956348003321 996 $aA legal theory for autonomous artificial agents$94379266 997 $aUNINA LEADER 01732oas 22005893a 450 001 9910626156403321 005 20250922213015.0 011 $a2164-1773 035 $a(OCoLC)71150745 035 $a(CONSER) 2011203331 035 $a(CKB)110978984565233 035 $a(EXLCZ)99110978984565233 100 $a20060825b19911998 uy a 101 0 $aeng 135 $aur||||||||||| 181 $ctxt$2rdacontent 182 $cc$2rdamedia 183 $acr$2rdacarrier 200 10$aProceedings /$fthe ... Annual IEEE International ASIC Conference and Exhibit 210 $aNew York, NY $cInstitute of Electrical and Electronics Engineers 215 $a8 volumes $cillustrations ;$d28 cm 300 $a"IEEE catalog." 311 08$a1063-0988 517 1 $aProceedings of ... Annual IEEE International ASIC Conference and Exhibit 531 0 $aProc. 606 $aApplication-specific integrated circuits$vCongresses 606 $aApplication-specific integrated circuits$2fast$3(OCoLC)fst00811719 608 $aConference papers and proceedings.$2fast 608 $aPeriodicals.$2fast 615 0$aApplication-specific integrated circuits 615 7$aApplication-specific integrated circuits. 676 $a621.39 676 $a621.381/5 712 02$aInstitute of Electrical and Electronics Engineers 801 0$bOCLCS 801 1$bOCLCS 801 2$bOCLCS 801 2$bTXJ 801 2$bOCLCQ 801 2$bOCLCE 801 2$bDLC 801 2$bOCLCQ 801 2$bOCLCF 801 2$bCUD 801 2$bOCLCQ 801 2$bOCL 801 2$bOCLCA 801 2$bOCLCL 906 $aCONFERENCE 912 $a9910626156403321 996 $aProceedings$957126 997 $aUNINA